Keilschrifttexte aus Boghazköi / Akademie der Wissenschaften und der Literatur, Kommission für den Alten Orient / 48 Texte aus der Unterstadt, Texte ohne Herkunftsangabe und Texte aus der Oberstadt / von Heinrich Otten; Christel Rüster; Gernot Wilhelm
| Authors: | ; ; |
|---|---|
| Format: | Print Book |
| Language: | Hittite German |
| Subito Delivery Service: | Order now. |
| Check availability: | HBZ Gateway |
| Interlibrary Loan: | Interlibrary Loan for the Fachinformationsdienste (Specialized Information Services in Germany) |
| Published: |
Berlin
Gebr. Mann
2007
|
| In: |
Keilschrifttexte aus Boghazköi
Year: 2007 |
| Standardized Subjects / Keyword chains: | B
Boğazkale
/ Inscription
/ Cuneiform
B Hittites / Culture B Hittite language / Spring |
| RelBib Classification: | BC Ancient Orient; religion HH Archaeology |
| Further subjects: | B
Architecture
B Boğazkale B City |
MARC
| LEADER | 00000cam a2200000 cc4500 | ||
|---|---|---|---|
| 001 | 1346985162 | ||
| 003 | DE-627 | ||
| 005 | 20250730200813.0 | ||
| 007 | tu | ||
| 008 | 080206s2007 xx ||||| 00| ||hit c | ||
| 020 | |a 9783786125525 |9 978-3-7861-2552-5 | ||
| 035 | |a (DE-627)1346985162 | ||
| 035 | |a (DE-576)276985168 | ||
| 035 | |a (DE-599)BSZ276985168 | ||
| 040 | |a DE-627 |b ger |c DE-627 |e rakwb | ||
| 041 | |a hit |a ger | ||
| 084 | |a 6,22 |a 6,14 |2 ssgn | ||
| 084 | |a 1 |2 ssgn | ||
| 084 | |a EW 310 |2 rvk |0 (DE-625)rvk/29035: | ||
| 084 | |a EW 300 |2 rvk |0 (DE-625)rvk/29033: | ||
| 100 | 1 | |0 (DE-588)118738690 |0 (DE-627)079519326 |0 (DE-576)209382082 |4 aut |a Otten, Heinrich |d 1913-2012 | |
| 109 | |a Otten, Heinrich 1913-2012 | ||
| 245 | 1 | 0 | |a Keilschrifttexte aus Boghazköi / Akademie der Wissenschaften und der Literatur, Kommission für den Alten Orient |n 48 |p Texte aus der Unterstadt, Texte ohne Herkunftsangabe und Texte aus der Oberstadt / von Heinrich Otten; Christel Rüster; Gernot Wilhelm |c Akademie der Wissenschaften und der Literatur, Kommission für den Alten Orient |
| 264 | 1 | |a Berlin |b Gebr. Mann |c 2007 | |
| 300 | |a XVII S., 42 Bl. |b Ill., Kt. | ||
| 336 | |a Text |b txt |2 rdacontent | ||
| 337 | |a ohne Hilfsmittel zu benutzen |b n |2 rdamedia | ||
| 338 | |a Band |b nc |2 rdacarrier | ||
| 583 | 1 | |a Archivierung/Langzeitarchivierung gewährleistet |f SSG |x XA-DE-BW |2 pdager |5 DE-21 | |
| 583 | 1 | |a Archivierung/Langzeitarchivierung gewährleistet |f SSG |x XA-DE-BW |2 pdager |5 DE-16 | |
| 601 | |a Akademie | ||
| 601 | |a Akademie der Wissenschaften | ||
| 601 | |a Literatur | ||
| 601 | |a Wilhelm | ||
| 601 | |a Wilhelm, Gernot | ||
| 650 | 0 | 7 | |0 (DE-588)4056723-0 |0 (DE-627)106153919 |0 (DE-576)209118741 |a Stadt |2 gnd |
| 650 | 0 | 7 | |0 (DE-588)4002851-3 |0 (DE-627)104280352 |0 (DE-576)208848975 |a Architektur |2 gnd |
| 651 | 7 | |0 (DE-588)4069578-5 |0 (DE-627)106103210 |0 (DE-576)209177144 |a Boğazkale |2 gnd | |
| 652 | |a BC:HH | ||
| 689 | 0 | 0 | |d g |0 (DE-588)4069578-5 |0 (DE-627)106103210 |0 (DE-576)209177144 |2 gnd |a Boğazkale |
| 689 | 0 | 1 | |d s |0 (DE-588)4027107-9 |0 (DE-627)10628598X |0 (DE-576)208969276 |2 gnd |a Inschrift |
| 689 | 0 | 2 | |d s |0 (DE-588)4163552-8 |0 (DE-627)105453986 |0 (DE-576)209881968 |2 gnd |a Keilschrift |
| 689 | 0 | |5 (DE-627) | |
| 689 | 1 | 0 | |d s |0 (DE-588)4072478-5 |0 (DE-627)106095021 |0 (DE-576)209187174 |2 gnd |a Hethiter |
| 689 | 1 | 1 | |d s |0 (DE-588)4125698-0 |0 (DE-627)104470348 |0 (DE-576)209578750 |2 gnd |a Kultur |
| 689 | 1 | |5 (DE-627) | |
| 689 | 2 | 0 | |d s |0 (DE-588)4120195-4 |0 (DE-627)105778222 |0 (DE-576)209533072 |2 gnd |a Hethitisch |
| 689 | 2 | 1 | |d s |0 (DE-588)4135952-5 |0 (DE-627)105661236 |0 (DE-576)209665084 |2 gnd |a Quelle |
| 689 | 2 | |5 (DE-627) | |
| 700 | 1 | |0 (DE-588)1082541044 |0 (DE-627)847629252 |0 (DE-576)162816006 |4 aut |a Rüster, Christel | |
| 700 | 1 | |0 (DE-588)107805316 |0 (DE-627)620221224 |0 (DE-576)163569193 |4 aut |a Wilhelm, Gernot |d 1945- | |
| 773 | 1 | 8 | |a Keilschrifttexte aus Boghazköi |w (DE-627)166222704 |w (DE-576)014552507 |w (DE-600)130809-9 |g 48 |q 48 |7 nnas |
| 889 | |w (DE-576)520120450 | ||
| 889 | |w (DE-627)1646052706 | ||
| 935 | |a mteo |a BIIN | ||
| 936 | r | v | |a EW 310 |b Textsammlungen. Ausgaben |k Allgemeine und vergleichende Sprach- und Literaturwissenschaft. Indogermanistik. Außereuropäische Sprachen und Literaturen |k Übrige indogermanische Sprachen Asiens |k Sprachen Anatoliens |k Indogermanische Sprachen (Hethito-Luwisch) |k Hethitisch |k Textsammlungen. Ausgaben |0 (DE-627)1271413418 |0 (DE-625)rvk/29035: |0 (DE-576)201413418 |
| 936 | r | v | |a EW 300 |b Allgemeines |k Allgemeine und vergleichende Sprach- und Literaturwissenschaft. Indogermanistik. Außereuropäische Sprachen und Literaturen |k Übrige indogermanische Sprachen Asiens |k Sprachen Anatoliens |k Indogermanische Sprachen (Hethito-Luwisch) |k Allgemeines |0 (DE-627)127141340X |0 (DE-625)rvk/29033: |0 (DE-576)20141340X |
| 951 | |a MV | ||
| BIB | |a 1 | ||
| ELC | |b 1 | ||
| ITA | |a 1 |t 1 | ||
| LOK | |0 000 xxxxxcx a22 zn 4500 | ||
| LOK | |0 001 2562879597 | ||
| LOK | |0 003 DE-627 | ||
| LOK | |0 004 1346985162 | ||
| LOK | |0 005 20080208132913 | ||
| LOK | |0 008 080208||||||||||||||||ger||||||| | ||
| LOK | |0 040 |a DE-21 |c DE-627 |d DE-21 | ||
| LOK | |0 852 |a DE-21 | ||
| LOK | |0 852 1 |c 16 C 63-48 |9 00 | ||
| LOK | |0 935 |a vord |a theo | ||
| LOK | |0 936ln |a t17.2 | ||
| LOK | |0 938 |l 08/02/08 |8 6 | ||
| LOK | |0 939 |a 08-02-08 |b l01 | ||
| LOK | |0 000 xxxxxcx a22 zn 4500 | ||
| LOK | |0 001 2563069645 | ||
| LOK | |0 003 DE-627 | ||
| LOK | |0 004 1346985162 | ||
| LOK | |0 005 20080212115442 | ||
| LOK | |0 008 080212||||||||||||||||ger||||||| | ||
| LOK | |0 040 |a DE-21-11 |c DE-627 |d DE-21-11 | ||
| LOK | |0 541 |e A08-015 | ||
| LOK | |0 852 |a DE-21-11 | ||
| LOK | |0 852 1 |c AOR C KBo 48 |m p |9 00 | ||
| LOK | |0 935 |a aori | ||
| LOK | |0 938 |k p | ||
| LOK | |0 938 |l 12/02/08 |8 6 | ||
| LOK | |0 939 |a 12-02-08 |b l01 | ||
| LOK | |0 000 xxxxxcx a22 zn 4500 | ||
| LOK | |0 001 3316640592 | ||
| LOK | |0 003 DE-627 | ||
| LOK | |0 004 1346985162 | ||
| LOK | |0 005 20240404204228 | ||
| LOK | |0 008 190311||||||||||||||||ger||||||| | ||
| LOK | |0 035 |a (DE-Tue135-1)182591 | ||
| LOK | |0 040 |a DE-Tue135-1 |c DE-627 |d DE-Tue135-1 | ||
| LOK | |0 852 |a DE-Tue135-1 | ||
| LOK | |0 852 1 |c FTHAT097732/48 |m p |9 00 | ||
| LOK | |0 852 2 |b L 14 |9 00 | ||
| LOK | |0 935 |a iMON | ||
| LOK | |0 936ln |0 1442044187 |a HH | ||
| LOK | |0 936ln |0 1442043377 |a BC | ||
| LOK | |0 938 |k p | ||
| LOK | |0 939 |a 11-03-19 |b l12 | ||
| ORI | |a SA-MARC-ixtheoa001.raw | ||
| REL | |a 1 | ||
| STA | 0 | 0 | |a Architecture,Architecture,City,City,Town,Town,Culture,Culture,Culture,Cuneiform,Hittite language,Hittites,Inscription,Inscription,Epigraph,Spring,Spring,Source,Sources |
| STB | 0 | 0 | |a Architecture,Architecture,Culture,Culture,Civilisation,Civilisation,Culture,Civilisation (motif),Civilisation,Hittite,Hittites,Inscription,Inscription,Source,Source,Source,Sources,Ville,Ville,Écriture cunéiforme |
| STC | 0 | 0 | |a Arquitectura,Arquitectura,Ciudad,Ciudad,Cultura,Cultura,Escritura cuneiforme,Fuente,Fuente,Fuente,Hitita,Inscripción,Inscripción |
| STD | 0 | 0 | |a Architettura,Architettura,Città,Città,Cultura,Cultura,Iscrizione,Iscrizione,Ittita,Ittiti,Scrittura cuneiforme,Sorgente,Sorgente,Fonte |
| STE | 0 | 0 | |a 城巿,城巿,都巿,都巿,建筑,文化,楔形文字,泉,泉,来源,出处,泉源,泉源,赫特人,赫梯人,海地特人,铭文,题词 |
| STF | 0 | 0 | |a 城巿,城巿,都巿,都巿,建築,文化,楔形文字,泉,泉,來源,出處,泉源,泉源,赫梯語,赫特人,赫梯人,海地特人,銘文,題詞 |
| STG | 0 | 0 | |a Arquitetura,Arquitetura,Cidade,Cidade,Cultura,Cultura,Escritura cuneiforme,Fonte,Fonte,Fonte,Hitita,Inscrição,Inscrição |
| STH | 0 | 0 | |a Архитектура (мотив),Архитектура,Город (мотив),Город,Источник (гидрология, мотив),Источник (гидрология),Источник,Клинопись,Культура (мотив),Культура,Надпись (мотив),Надпись,Хеттский (язык),Хетты |
| STI | 0 | 0 | |a Αρχιτεκτονική (μοτίβο),Αρχιτεκτονική,Επιγραφή (μοτίβο),Επιγραφή,Πηγή (υδρολογία, μοτίβο),Πηγή (υδρολογία),Πηγή,Πολιτισμός <μοτίβο>,Πολιτισμός,Κουλτούρα,Κουλτούρα (μοτίβο),Πόλη (μοτίβο),Πόλη,Σφηνοειδής γραφή,Χετταίοι,Χιττίτες,Χεττιτική γλώσσα,Χεττιτική γλώσσα |
| SUB | |a BIB |a REL | ||
| SYE | 0 | 0 | |a Stadtgeschichte,Stadtansicht,Stadtgebiet,Städte , Baukunst |
| SYF | 0 | 0 | |a Boghazköi,Hattusa,Hattuscha,H̱atti,Boğazköy,Chatti |
| SYG | 0 | 0 | |a Boghazköi,Hattusa,Hattuscha,H̱atti,Boğazköy,Chatti , Epigraph,Inschriften,Epigraf , Hettiter,Chetiter , Culture , Našili,Nešili,Nešumnili , Quellen,Akten,Augenzeugenbericht,Texte,Historische Quelle,Geschichtsquelle,Quellensammlung,Quellen |



